| 000 | 00990nam a2200241 a 4500 | ||
|---|---|---|---|
| 001 | 000022509 | ||
| 005 | 20200930021640.0 | ||
| 008 | 101012s1982 dr a 000 0 spa d | ||
| 040 |
_aDO-SdBNP _bspa _cBNPHU |
||
| 082 |
_a338.97293 _bG956t |
||
| 100 | 1 |
_aGuiliani Cury, Hugo _96465 |
|
| 245 | 1 | 0 |
_aTemor-esperanza-acción : _bun enfoque de política económica para la República Dominicana / _cHugo Guiliani Cury. |
| 260 |
_aSanto Domingo : _bTaller, _c1982. |
||
| 300 |
_a302 p. : _bil. ; _c21 cm. |
||
| 500 | _aIncluye datos biográficos del autor en la contracubierta | ||
| 500 | _aIncluyen referencias bibliográficas y notas al pie de las páginas | ||
| 590 | _aInventariado, 2018/BT | ||
| 650 | 4 |
_aIndustria azucarera _zRepública Dominicana _98386 |
|
| 651 | 4 |
_aRepública Dominicana _xCondiciones Económicas _9281 |
|
| 651 | 4 |
_aRepública Dominicana _xPolítica Económica _9643 |
|
| 651 | 4 |
_aRepública Dominicana _xIndustrias _98277 |
|
| 910 | _aValidado. Control de calidad. MFF | ||
| 999 |
_c22007 _d22007 |
||